| 000 | 00813nam a2200253Ia 4500 | ||
|---|---|---|---|
| 003 | GCL | ||
| 008 | 140319s9999 xx 000 0 ara d | ||
| 040 |
_aGCL / _cGCL |
||
| 082 | 0 | 4 |
_aق _b215.96216 _bن ق |
| 100 | 1 | _aنعمات احمد فؤاد | |
| 245 | 1 | 0 |
_aقبة الامام الحسين : _bقضية حكم / _cنعمات احمد فؤاد |
| 260 |
_aالقاهرة : _bدار المستقبل العربى ، _c1987 |
||
| 300 | _a147 ص | ||
| 490 | _a | ||
| 650 | 0 | 4 | _aمصر |
| 650 | 0 | 4 | _aالقضاء |
| 650 | 0 | 4 | _aالصحافة المصرية |
| 650 | 0 | 4 | _aالاثار الاسلامية |
| 650 | 0 | 4 | _aالهيئات التشريعية |
| 650 | 0 | 4 | _aمساجد القاهرة |
| 650 | 0 | 4 | _aمسجد الحسين |
| 650 | 0 | 4 | _aمجلس الشعب,استجوابات |
| 942 |
_2ddc _cBK |
||
| 999 |
_c58728 _d58728 |
||